<?xml version="1.0" encoding="UTF-8"?>
<record
    xmlns:xsi="http://www.w3.org/2001/XMLSchema-instance"
    xsi:schemaLocation="http://www.loc.gov/MARC21/slim http://www.loc.gov/standards/marcxml/schema/MARC21slim.xsd"
    xmlns="http://www.loc.gov/MARC21/slim">

  <leader>02427njm a2200397Ia 4500</leader>
  <controlfield tag="001">A9528</controlfield>
  <controlfield tag="003">IT-RoPAU</controlfield>
  <controlfield tag="005">20220918181115.0</controlfield>
  <controlfield tag="008">131025s9999    xx            000 0 und d</controlfield>
  <datafield tag="040" ind1=" " ind2=" ">
    <subfield code="a">IT-RoPAU</subfield>
  </datafield>
  <datafield tag="040" ind1=" " ind2=" ">
    <subfield code="c">IT-RoPAU</subfield>
  </datafield>
  <datafield tag="999" ind1=" " ind2=" ">
    <subfield code="c">99306</subfield>
    <subfield code="d">99306</subfield>
  </datafield>
  <datafield tag="999" ind1=" " ind2=" ">
    <subfield code="b">n.d.</subfield>
  </datafield>
  <datafield tag="100" ind1=" " ind2=" ">
    <subfield code="a">AA.VV.</subfield>
    <subfield code="9">794</subfield>
  </datafield>
  <datafield tag="100" ind1=" " ind2=" ">
    <subfield code="e">Autore musica</subfield>
    <subfield code="9">28429</subfield>
  </datafield>
  <datafield tag="100" ind1=" " ind2=" ">
    <subfield code="g">Codice autore musica SPICS: 12000</subfield>
    <subfield code="9">796</subfield>
  </datafield>
  <datafield tag="245" ind1=" " ind2=" ">
    <subfield code="a">Cannonball Adderley</subfield>
  </datafield>
  <datafield tag="250" ind1=" " ind2=" ">
    <subfield code="a">2a ed.</subfield>
  </datafield>
  <datafield tag="260" ind1=" " ind2=" ">
    <subfield code="a">MILANO</subfield>
  </datafield>
  <datafield tag="260" ind1=" " ind2=" ">
    <subfield code="b">RUSCONI</subfield>
    <subfield code="c">1992 [1a Ed.:0]</subfield>
  </datafield>
  <datafield tag="300" ind1=" " ind2=" ">
    <subfield code="a">COMPACT DISC</subfield>
  </datafield>
  <datafield tag="300" ind1=" " ind2=" ">
    <subfield code="c">66 minuti (Testo: 0 pag.)</subfield>
  </datafield>
  <datafield tag="500" ind1=" " ind2=" ">
    <subfield code="a">Musica jazz. Disco fuori commercio allegato al n. 6 1992 della rivista "Musica jazz"</subfield>
  </datafield>
  <datafield tag="505" ind1=" " ind2=" ">
    <subfield code="a">Blue Daniel [(Stoccolma, 21 novembre 1960) (9:00)] - Azule Serape [(Stoccolma, 21 novembre 1960) (8:00)] - Big P. [(Stoccolma, 21 novembre 1960) (9:00)] - Domination [(Amburgo, 19 marzo 1969) (4:00)] - Hamba Nami [(Amburgo, 19 marzo 1969) (4:00)] - I'm On My Way (5:00) - Work Song [(Amburgo, 19 marzo 1969) (6:00)] - Sweet Emma [(Amburgo, 19 marzo 1992) (5:00)] - Rumpelstiliskin [(Amburgo, 19 marzo 1969) (5:00)] - Experience In E [(Amburgo, 19 marzo 1969) (6:00)] - Somewhere [(Amburgo, 19 marzo 1969) (5:00)] - Sticks [(Amburgo, 19 marzo 1969) (4:00)]</subfield>
  </datafield>
  <datafield tag="511" ind1=" " ind2=" ">
    <subfield code="a">Adderley Nat: corn; Adderley Julian "Cannonball": alto; Feldman Victor: p; Jones Sam: cb; Hayes Louis: batt</subfield>
  </datafield>
  <datafield tag="511" ind1=" " ind2=" ">
    <subfield code="a">Adderley Nat: corn; Adderley Julian "Cannonball": alto; Zawinul Joe: p; Gaskin Victor: cb; McCurdy Roy: batt</subfield>
  </datafield>
  <datafield tag="650" ind1=" " ind2=" ">
    <subfield code="a">JAZZ [COMPACT DISC]</subfield>
    <subfield code="e">Codice MATERIA SPICS: 9949</subfield>
    <subfield code="9">11822</subfield>
  </datafield>
  <datafield tag="700" ind1=" " ind2=" ">
    <subfield code="a">Adderley Nat</subfield>
    <subfield code="g">Codice interprete SPICS: 28426</subfield>
    <subfield code="e">Interprete</subfield>
    <subfield code="9">28430</subfield>
  </datafield>
  <datafield tag="700" ind1=" " ind2=" ">
    <subfield code="a">Rosolino Frank</subfield>
    <subfield code="g">Codice autore musica SPICS: 36619</subfield>
    <subfield code="e">Autore musica</subfield>
    <subfield code="p">Blue Daniel</subfield>
    <subfield code="9">28431</subfield>
  </datafield>
  <datafield tag="700" ind1=" " ind2=" ">
    <subfield code="a">Feldman Victor</subfield>
    <subfield code="g">Codice autore musica SPICS: 36620</subfield>
    <subfield code="e">Autore musica</subfield>
    <subfield code="p">Azule Serape</subfield>
    <subfield code="9">28432</subfield>
  </datafield>
  <datafield tag="700" ind1=" " ind2=" ">
    <subfield code="a">Heath Jimmy</subfield>
    <subfield code="g">Codice autore musica SPICS: 36621</subfield>
    <subfield code="e">Autore musica</subfield>
    <subfield code="p">Big P.</subfield>
    <subfield code="9">28433</subfield>
  </datafield>
  <datafield tag="700" ind1=" " ind2=" ">
    <subfield code="a">Adderley Julian</subfield>
    <subfield code="g">Codice autore musica SPICS: 36622</subfield>
    <subfield code="e">Autore musica</subfield>
    <subfield code="p">Domination - Hamba Nami - I'm On My Way</subfield>
    <subfield code="9">28434</subfield>
  </datafield>
  <datafield tag="700" ind1=" " ind2=" ">
    <subfield code="a">Adderley Nat</subfield>
    <subfield code="g">Codice autore musica SPICS: 28426</subfield>
    <subfield code="e">Autore musica</subfield>
    <subfield code="p">Work Song - Sweet Emma</subfield>
    <subfield code="9">28435</subfield>
  </datafield>
  <datafield tag="700" ind1=" " ind2=" ">
    <subfield code="a">Zawinul Josef</subfield>
    <subfield code="g">Codice autore musica SPICS: 29324</subfield>
    <subfield code="e">Autore musica</subfield>
    <subfield code="p">Rumpelstiliskin - Experience In E - Sticks</subfield>
    <subfield code="9">28436</subfield>
  </datafield>
  <datafield tag="700" ind1=" " ind2=" ">
    <subfield code="a">Bernstein Leonard</subfield>
    <subfield code="g">Codice autore musica SPICS: 10723</subfield>
    <subfield code="e">Autore musica</subfield>
    <subfield code="p">Somewhere</subfield>
    <subfield code="9">28437</subfield>
  </datafield>
  <datafield tag="942" ind1=" " ind2=" ">
    <subfield code="c">CD</subfield>
    <subfield code="2">ddc</subfield>
  </datafield>
  <datafield tag="952" ind1=" " ind2=" ">
    <subfield code="0">0</subfield>
    <subfield code="1">0</subfield>
    <subfield code="4">0</subfield>
    <subfield code="6">A_9528_000000000000000</subfield>
    <subfield code="7">1</subfield>
    <subfield code="a">SPICS</subfield>
    <subfield code="b">SPICS</subfield>
    <subfield code="d">2013-10-25</subfield>
    <subfield code="l">0</subfield>
    <subfield code="o">A9528</subfield>
    <subfield code="r">2013-10-25 00:00:00</subfield>
    <subfield code="w">2013-10-25</subfield>
    <subfield code="y">CD</subfield>
    <subfield code="z">Progr. Ins.: 392 / N.Vol.: 1 / Copie: 1 - Copia rara: n.d. / date import: 01.01.2014 - By Epidotti, Trombetti, Vaglietti</subfield>
  </datafield>
</record>
